Daně, dávky a poplatky u národních podniků

Enregistré dans:
Détails bibliographiques
Format: Livre
Langue:tchèque
Publié: Praha ÚSČP 1950
Tags: Ajouter un tag
Pas de tags, Soyez le premier à ajouter un tag!

MARC

LEADER 00000nam a2200000 4500
001 0308143
005 20250414123212.8
041 0 |a cze 
044 |a CZ 
245 1 0 |a Daně, dávky a poplatky u národních podniků  |c Oldřich Kunc 
264 1 |a Praha  |b ÚSČP  |c 1950